[Event "81st ch-ESP 2016"]
[White "Garza Marco, Sergio"]
[Black "Lopez Gonzalez, Daniel"]
[Site "Linares ESP"]
[Result "1-0"]
[Date "2016.08.09"]
[WhiteElo "2391"]
[BlackElo "2279"]
[PlyCount "167"]

1. d4 Nf6 2. c4 e6 3. Nc3 Bb4 4. e3 0-0 5. Nge2 d5 6. a3 Be7 7. cxd5 exd5 8. Nf4 a5 9. Bd3 Na6 10. 0-0 c6 11. f3 Nc7 12. Bd2 Ne6 13. Nfe2 c5 14. Kh1 Bd7 15. Be1 Bc6 16. Bc2 Re8 17. Qd2 Qb6 18. Rd1 Qa7 19. Bb1 b5 20. dxc5 Bxc5 21. Nd4 Bxd4 22. exd4 b4 23. axb4 axb4 24. Na2 Bb5 25. Rg1 Ba4 26. Rc1 Qxd4 27. Nxb4 Rab8 28. Nd3 Qb6 29. Bh4 Nd4 30. Nc5 Nb3 31. Nxb3 Bxb3 32. Bf2 Qb4 33. Qd4 Qxd4 34. Bxd4 Nd7 35. Rge1 Nf8 36. Kg1 Ne6 37. Be5 Rbc8 38. Kf2 Bc4 39. Bf5 g6 40. Bb1 Nc5 41. Rcd1 Re6 42. Re3 Rce8 43. Bf4 f6 44. Bc2 g5 45. Rxe6 Rxe6 46. Be3 Nb3 47. Bf5 Re5 48. Bd3 h6 49. Bxc4 dxc4 50. Rd7 Rb5 51. Rc7 Rb4 52. Ke2 f5 53. Kd1 f4 54. Bf2 Rb5 55. Rxc4 Na5 56. Rc2 Kf7 57. Be1 Nb3 58. Rc7+ Ke6 59. Bc3 Rd5+ 60. Ke1 Nc5 61. Rc6+ Kd7 62. Rxh6 Nd3+ 63. Kf1 Rb5 64. Rg6 Ke8 65. h4 gxh4 66. Rh6 Nxb2 67. Bxb2 Rxb2 68. Rxh4 Rb4 69. Rh7 Kf8 70. Kg1 Rb5 71. Kh2 Kg8 72. Rh4 Rb4 73. Kh3 Kg7 74. g3 Kg6 75. Rxf4 Rxf4 76. gxf4 Kf5 77. Kg3 Kf6 78. Kg4 Kg6 79. f5+ Kf6 80. Kf4 Kf7 81. Kg5 Kg7 82. f6+ Kf7 83. Kf5 Kf8 84. Kg6 1-0

[Event "81st ch-ESP 2016"]
[White "Meneses Gonzalez, Kevin Moises"]
[Black "Sanchez Jerez, Emilio Miguel"]
[Site "Linares ESP"]
[Result "1-0"]
[Date "2016.08.09"]
[WhiteElo "2337"]
[BlackElo "2244"]
[PlyCount "109"]

1. e4 e5 2. Nf3 Nc6 3. Bb5 Nge7 4. c3 a6 5. Ba4 d6 6. d4 Bd7 7. 0-0 Ng6 8. Nbd2 Be7 9. Bc2 h6 10. dxe5 dxe5 11. b4 Bg5 12. Bb3 Qf6 13. a4 Nd8 14. Bd5 Rb8 15. Nxg5 hxg5 16. g3 Nf4 17. gxf4 Qh6 18. Nf3 Bg4 19. Re1 gxf4 20. Bc4 Ne6 21. Bxe6 fxe6 22. c4 Rd8 23. Qe2 Qh5 24. Ra3 Rh6 25. Bb2 Ke7 26. Bxe5 Rg6 27. Kh1 Rd2 28. Nxd2 Bxe2 29. Bxf4 e5 30. Bg3 Rd6 31. Nf1 Bxf1 32. Rxf1 Qe2 33. Rg1 Qxe4+ 34. f3 Qf5 35. Re1 Re6 36. Rae3 Kf7 37. Bxe5 Qc2 38. Re4 g5 39. a5 c6 40. c5 Qf2 41. R4e3 Kg6 42. h3 Kf5 43. R1e2 Qf1+ 44. Kh2 Rh6 45. Rg2 Qc4 46. Bg3 Re6 47. Rxe6 Kxe6 48. Be1 Qf1 49. Bd2 Qd3 50. Bxg5 Qxf3 51. Bd2 Kd5 52. Rg4 Qe2+ 53. Rg2 Qe5+ 54. Kh1 Qe4 55. Bc1 1-0

[Event "81st ch-ESP 2016"]
[White "Navarro Lopez-Menchero, Daniel"]
[Black "Domingo Nunez, Ruben"]
[Site "Linares ESP"]
[Result "0-1"]
[Date "2016.08.09"]
[WhiteElo "2233"]
[BlackElo "2321"]
[PlyCount "70"]

1. d4 Nf6 2. Nf3 e6 3. c3 b6 4. Bf4 Bb7 5. Nbd2 Be7 6. h3 c5 7. e3 0-0 8. Bd3 d5 9. Qc2 Nbd7 10. 0-0 Re8 11. Qb1 c4 12. Bc2 b5 13. e4 Nxe4 14. Nxe4 dxe4 15. Bxe4 Bxe4 16. Qxe4 Nf6 17. Qc2 Nd5 18. Bg3 Qb6 19. Nd2 Rec8 20. a3 a5 21. Qe4 Qc6 22. Rac1 Qa6 23. Qe2 b4 24. axb4 axb4 25. cxb4 Nb6 26. b3 c3 27. Qxa6 Rxa6 28. b5 Ra5 29. Nc4 Nxc4 30. bxc4 Rxc4 31. b6 Rb5 32. Rb1 Bb4 33. Bc7 c2 34. Ra1 h6 35. Rfc1 Bd2 0-1

[Event "81st ch-ESP 2016"]
[White "Ramirez Medina, Victor"]
[Black "Ortega Lopez, Mikel"]
[Site "Linares ESP"]
[Result "1/2-1/2"]
[Date "2016.08.09"]
[WhiteElo "2209"]
[BlackElo "2299"]
[PlyCount "100"]

1. e4 c5 2. Nf3 Nc6 3. d4 cxd4 4. Nxd4 g6 5. c4 Bg7 6. Be3 Nf6 7. Nc3 d6 8. Be2 0-0 9. 0-0 a5 10. f3 Nxd4 11. Bxd4 Nd7 12. Be3 Nc5 13. Qd2 Qb6 14. Nd5 Qd8 15. Rfd1 Be6 16. Rab1 Bxd5 17. Qxd5 Qc7 18. f4 Rfc8 19. Bf3 a4 20. Rdc1 Ra5 21. Qd2 Rca8 22. h3 Rb8 23. b4 axb3 24. axb3 Ra3 25. b4 Ne6 26. Kh2 Rba8 27. Rc2 Ra1 28. Rxa1 Rxa1 29. Bg4 Qc6 30. Bf3 Qc7 31. g3 Ra3 32. Bg2 Rb3 33. c5 dxc5 34. bxc5 Qd8 35. Qxd8+ Nxd8 36. Bf2 e5 37. Bf1 exf4 38. gxf4 Ne6 39. Bg3 Rb2 40. Rxb2 Bxb2 41. Kg2 Nxc5 42. Kf3 Nb3 43. Ke3 Bc1+ 44. Kd3 Nc5+ 45. Kd4 Ne6+ 46. Ke5 Bb2+ 47. Kd6 Ba3+ 48. Ke5 Bb2+ 49. Kd6 Ba3+ 50. Ke5 Bb2+ 1/2-1/2

[Event "81st ch-ESP 2016"]
[White "Escudero Manzano, Sergio"]
[Black "Hernandez Estevez, Yudania"]
[Site "Linares ESP"]
[Result "1/2-1/2"]
[Date "2016.08.09"]
[WhiteElo "2290"]
[BlackElo "2232"]
[PlyCount "97"]

1. e4 c6 2. d4 d5 3. Nc3 dxe4 4. Nxe4 Bf5 5. Nc5 Qb6 6. Bd3 Bxd3 7. Qxd3 e6 8. Nb3 Nf6 9. Nf3 Nbd7 10. 0-0 Be7 11. a4 0-0 12. c4 Rfd8 13. Qc2 Rac8 14. h3 c5 15. Be3 Qc7 16. Rfc1 h6 17. dxc5 Nxc5 18. Nbd4 e5 19. Nb5 Qb8 20. b4 e4 21. Nd2 Nd3 22. Nxa7 Rc7 23. Nb5 Rcd7 24. Rcb1 Nxb4 25. Qc3 Rd3 26. Qb2 Nc6 27. Nf1 R8d7 28. a5 Bd6 29. Nxd6 Qxd6 30. a6 bxa6 31. Rxa6 Qc7 32. Bxh6 Nd4 33. Be3 Rb3 34. Qa2 Ne2+ 35. Kh1 Rxb1 36. Qxb1 Nc3 37. Qb2 Rd1 38. Ra1 Qxc4 39. Rxd1 Nxd1 40. Qb8+ Kh7 41. Ng3 Nxe3 42. fxe3 Qc1+ 43. Kh2 Qxe3 44. Qe5 Qh6 45. Qf5+ Qg6 46. Qe5 Qh6 47. Qf5+ Qg6 48. Qe5 Kg8 49. Qb8+ 1/2-1/2

[Event "81st ch-ESP 2016"]
[White "Garcia Vicente, Nieves"]
[Black "Guerra Rivera, Salvador"]
[Site "Linares ESP"]
[Result "1/2-1/2"]
[Date "2016.08.09"]
[WhiteElo "2174"]
[BlackElo "2285"]
[PlyCount "69"]

1. d4 d6 2. c4 e5 3. Nc3 exd4 4. Qxd4 Nc6 5. Qd2 Nf6 6. Nf3 g6 7. b3 Bg7 8. Bb2 0-0 9. e3 h6 10. Be2 Be6 11. 0-0 a5 12. Rad1 Re8 13. Qc1 Nd7 14. Nd4 Nc5 15. Nxe6 fxe6 16. Nb5 Qe7 17. Qb1 Qf7 18. f4 Re7 19. Nd4 Rb8 20. Rf3 Ree8 21. Bc3 Ra8 22. a3 Ne7 23. e4 Nc6 24. Qc2 Nxd4 25. Bxd4 Bxd4+ 26. Rxd4 Qg7 27. e5 Rf8 28. Rg3 Rf5 29. Bg4 Rff8 30. Bh5 g5 31. fxg5 Qxe5 32. Qg6+ Kh8 33. Qxh6+ Kg8 34. Qg6+ Kh8 35. Qh6+ 1/2-1/2

[Event "81st ch-ESP 2016"]
[White "Alvarado Diaz, Alejandro"]
[Black "Gil Quilez, Sonia"]
[Site "Linares ESP"]
[Result "1-0"]
[Date "2016.08.09"]
[WhiteElo "2441"]
[BlackElo "2079"]
[PlyCount "93"]

1. d4 d5 2. c4 c6 3. Nf3 Nf6 4. Qc2 g6 5. Bf4 Bg7 6. e3 Nbd7 7. Nc3 0-0 8. h3 Qa5 9. Nd2 dxc4 10. Nxc4 Qd8 11. Be2 Nd5 12. Bg3 N7b6 13. Ne5 Be6 14. 0-0 Rc8 15. Nd3 Bf5 16. Qb3 Nxc3 17. bxc3 Bxd3 18. Bxd3 c5 19. Be4 Qd7 20. a4 Rfe8 21. Rfd1 c4 22. Qb5 Rcd8 23. Rdb1 e5 24. Qxd7 Nxd7 25. Bxb7 exd4 26. cxd4 Nb6 27. Rc1 Re6 28. a5 Nd5 29. Rxc4 Ne7 30. Rac1 Nf5 31. Rc8 Ree8 32. Rxd8 Rxd8 33. Bc7 Re8 34. a6 Bh6 35. Rd1 Bf8 36. Bb6 axb6 37. a7 Nd6 38. a8=Q Rxa8 39. Bxa8 b5 40. Bd5 b4 41. Rc1 Nb5 42. Rc8 Kg7 43. Rb8 Nc3 44. Bc4 f5 45. Rb7+ Kh6 46. Bg8 f4 47. Rxh7+ 1-0

[Event "81st ch-ESP 2016"]
[White "Anton Guijarro, David"]
[Black "Vallejo Pons, Francisco"]
[Site "Linares ESP"]
[Result "1/2-1/2"]
[Date "2016.08.10"]
[WhiteElo "2627"]
[BlackElo "2713"]
[PlyCount "60"]

1. Nf3 d5 2. d4 Nf6 3. c4 c6 4. Nc3 e6 5. Bg5 h6 6. Bh4 dxc4 7. e4 g5 8. Bg3 b5 9. h4 g4 10. Ne5 Bb7 11. Nxg4 Nbd7 12. Nxf6+ Nxf6 13. Qf3 Rg8 14. Rd1 Be7 15. Be2 a6 16. 0-0 Ng4 17. e5 h5 18. Ne4 Qb6 19. Qf4 Rd8 20. Nd6+ Bxd6 21. exd6 c5 22. Rfe1 cxd4 23. Rxd4 Rd7 24. Bf3 Bxf3 25. gxf3 Rg6 26. Kf1 Nf6 27. Qe5 Kf8 28. Bf4 Qc6 29. Bg5 Qxf3 30. Re3 Qf5 1/2-1/2

[Event "81st ch-ESP 2016"]
[White "Munoz, Miguel"]
[Black "Vazquez Igarza, Renier"]
[Site "Linares ESP"]
[Result "1/2-1/2"]
[Date "2016.08.10"]
[WhiteElo "2451"]
[BlackElo "2589"]
[PlyCount "72"]

1. e4 c5 2. Nf3 Nc6 3. d4 cxd4 4. Nxd4 e6 5. Nb5 d6 6. Bf4 e5 7. Be3 a6 8. N5a3 Nf6 9. Nc3 Be6 10. Nc4 Be7 11. Nd5 Bxd5 12. exd5 Nd4 13. c3 Nf5 14. Bb6 Qc8 15. Qa4+ Kf8 16. Rd1 h5 17. Be2 g6 18. 0-0 Kg7 19. Ne3 Bd8 20. Nxf5+ Qxf5 21. Be3 Ng4 22. Qb4 Nxe3 23. fxe3 Qd7 24. e4 h4 25. Rf3 b5 26. Rdf1 Rf8 27. Kh1 Bg5 28. c4 bxc4 29. Bxc4 a5 30. Qe1 Bf4 31. b3 Qa7 32. a4 Qd4 33. Rd3 Qc5 34. Rdf3 Qd4 35. Rd3 Qc5 36. Rdf3 Qd4 1/2-1/2

[Event "81st ch-ESP 2016"]
[White "Forcen Esteban, Daniel"]
[Black "Portela Peleteiro, Alberto"]
[Site "Linares ESP"]
[Result "1-0"]
[Date "2016.08.10"]
[WhiteElo "2561"]
[BlackElo "2340"]
[PlyCount "93"]

1. Nf3 Nf6 2. c4 g6 3. g3 Bg7 4. Bg2 0-0 5. 0-0 d6 6. Nc3 e5 7. d3 c6 8. Rb1 h6 9. b4 Be6 10. b5 c5 11. Nd2 Qc8 12. Bb2 Nbd7 13. e3 Re8 14. a4 Nf8 15. a5 Rb8 16. Qb3 Bh3 17. Nde4 Nxe4 18. dxe4 Nh7 19. Qc2 Bxg2 20. Kxg2 Ng5 21. f3 Qh3+ 22. Kh1 f5 23. exf5 gxf5 24. Nd5 Re6 25. Qg2 Qxg2+ 26. Kxg2 e4 27. fxe4 fxe4 28. Bxg7 Kxg7 29. Rbd1 Rd8 30. Rf4 h5 31. Nc3 Rde8 32. Rd5 Nf3 33. Rxh5 Nd2 34. Rfh4 Nxc4 35. Nd5 Rf8 36. Rh7+ Kg8 37. Rh8+ Kg7 38. R4h7+ Kg6 39. Nf4+ Rxf4 40. exf4 Rf6 41. Rh6+ Kf7 42. R8h7+ Ke6 43. Rxf6+ Kxf6 44. Rxb7 Nxa5 45. Rxa7 Nc4 46. Ra4 d5 47. b6 1-0

[Event "81st ch-ESP 2016"]
[White "Santos Ruiz, Miguel"]
[Black "Alonso Rosell, Alvar"]
[Site "Linares ESP"]
[Result "1/2-1/2"]
[Date "2016.08.10"]
[WhiteElo "2440"]
[BlackElo "2524"]
[PlyCount "53"]

1. e4 c6 2. d4 d5 3. exd5 cxd5 4. Bd3 Nc6 5. c3 Nf6 6. Bf4 Bg4 7. Qb3 Qc8 8. Nd2 e6 9. Ngf3 Be7 10. 0-0 Bh5 11. Ne5 Nxe5 12. Bxe5 0-0 13. Rfe1 Bg6 14. Bf1 Bh5 15. h3 a6 16. a4 Re8 17. Re3 Nd7 18. h4 Bg6 19. Bg3 Nf6 20. Be2 Ne4 21. Nxe4 Bxe4 22. Qd1 Qd8 23. Qb3 Qd7 24. Qd1 Qd8 25. Qb3 Qd7 26. Qd1 Qd8 27. Bf1 1/2-1/2

[Event "81st ch-ESP 2016"]
[White "Del Rio De Angelis, Salvador G."]
[Black "Espinosa Aranda, Angel"]
[Site "Linares ESP"]
[Result "1/2-1/2"]
[Date "2016.08.10"]
[WhiteElo "2522"]
[BlackElo "2422"]
[PlyCount "60"]

1. d4 Nf6 2. Nf3 g6 3. c4 Bg7 4. Nc3 d5 5. Bf4 0-0 6. Rc1 dxc4 7. e3 Be6 8. Ng5 Bd5 9. e4 h6 10. exd5 hxg5 11. Bxg5 Nxd5 12. Bxc4 Nb6 13. Bb3 Nc6 14. d5 Nd4 15. 0-0 Qd7 16. Re1 Rfe8 17. h4 Rad8 18. a4 Nxb3 19. Qxb3 Bxc3 20. Rxc3 Qxa4 21. Qxa4 Nxa4 22. Rxc7 f6 23. Bh6 Kf7 24. Rxb7 Rxd5 25. Bc1 a6 26. Ra7 Rb5 27. Re2 Nc5 28. Be3 Na4 29. Bc1 Nc5 30. Be3 Na4 1/2-1/2

[Event "81st ch-ESP 2016"]
[White "Suarez Garcia, Carlos"]
[Black "Narciso Dublan, Marc"]
[Site "Linares ESP"]
[Result "0-1"]
[Date "2016.08.10"]
[WhiteElo "2426"]
[BlackElo "2482"]
[PlyCount "56"]

1. d4 Nf6 2. c4 e6 3. g3 d5 4. Nf3 Be7 5. Bg2 0-0 6. 0-0 c6 7. Nbd2 b6 8. Qc2 Bb7 9. e4 Na6 10. a3 c5 11. cxd5 exd5 12. e5 Ne4 13. dxc5 Naxc5 14. b4 Ne6 15. Bb2 Rc8 16. Qb3 d4 17. Nxe4 Bxe4 18. Ne1 Bxg2 19. Kxg2 Qd7 20. f4 Rfd8 21. Rd1 g6 22. Nf3 d3 23. Rf2 Qb5 24. Rfd2 Nc5 25. Qa2 Ne4 26. Nd4 Rxd4 27. Bxd4 Nxd2 28. Rxd2 Rc2 0-1

[Event "81st ch-ESP 2016"]
[White "Gonzalez De La Torre, Santiago"]
[Black "Vega Gutierrez, Sabrina"]
[Site "Linares ESP"]
[Result "1-0"]
[Date "2016.08.10"]
[WhiteElo "2452"]
[BlackElo "2408"]
[PlyCount "47"]

1. e4 c5 2. Nf3 e6 3. d4 cxd4 4. Nxd4 Nc6 5. Nc3 a6 6. Be3 Nf6 7. f4 Bb4 8. Bd3 Qc7 9. 0-0 Nxd4 10. Bxd4 Bc5 11. Bxc5 Qxc5+ 12. Kh1 d6 13. Qe1 e5 14. Nd5 Nxd5 15. exd5 0-0 16. fxe5 Qxd5 17. Qh4 g6 18. Bc4 Qxe5 19. Rae1 Qxb2 20. Bxf7+ Kg7 21. Re7 Kh8 22. Bc4 Rxf1+ 23. Bxf1 h5 24. Qf4 1-0

[Event "81st ch-ESP 2016"]
[White "Perez Garcia, Alejandro"]
[Black "Lopez Martinez, Josep Manuel"]
[Site "Linares ESP"]
[Result "0-1"]
[Date "2016.08.10"]
[WhiteElo "2305"]
[BlackElo "2550"]
[PlyCount "88"]

1. d4 e6 2. g3 c5 3. Nf3 cxd4 4. Nxd4 Nc6 5. Bg2 Qb6 6. Nb3 d5 7. 0-0 Nf6 8. N1d2 Be7 9. c4 0-0 10. cxd5 exd5 11. Nf3 Re8 12. Be3 Qa6 13. h3 h6 14. Re1 Bf8 15. Bc5 Bxc5 16. Nxc5 Qa5 17. Nb3 Qb6 18. e3 Bf5 19. Nfd4 Be4 20. Nxc6 bxc6 21. Rc1 Bxg2 22. Kxg2 Rac8 23. Qd4 Re4 24. Qc5 Ra4 25. Nd4 Qxb2 26. Re2 Qb7 27. Nxc6 Rc4 28. Ne7+ Kh7 29. Qxc8 Rxc8 30. Nxc8 d4+ 31. f3 d3 32. Rd2 Qb4 33. Rcd1 Qc5 34. Rxd3 Qxc8 35. e4 Qc5 36. R1d2 Qe5 37. Kh2 g5 38. Rg2 h5 39. Kg1 Qc7 40. g4 Nd7 41. gxh5 Ne5 42. Rb3 Qc1+ 43. Kh2 Qf4+ 44. Rg3 Kh6 0-1

[Event "81st ch-ESP 2016"]
[White "Montoliu Cervero, Francisco"]
[Black "Andres Gonzalez, Alberto"]
[Site "Linares ESP"]
[Result "0-1"]
[Date "2016.08.10"]
[WhiteElo "2346"]
[BlackElo "2512"]
[PlyCount "66"]

1. e4 c5 2. Nf3 d6 3. d4 cxd4 4. Nxd4 Nf6 5. Nc3 a6 6. Be3 e6 7. f3 b5 8. Qd2 Bb7 9. g4 h6 10. 0-0-0 Nbd7 11. h4 Ne5 12. Bd3 Rc8 13. Kb1 b4 14. Nce2 d5 15. exd5 Nxd5 16. Nf4 Qa5 17. Qe2 Nxd3 18. Qxd3 Nxf4 19. Bxf4 Bd5 20. Nb3 Qb5 21. Qe3 Qc4 22. Rhe1 Be7 23. Re2 Bxh4 24. Rd4 Qc6 25. Red2 0-0 26. Bxh6 Bf6 27. Rh2 Bxb3 28. axb3 Bxd4 29. Qxd4 e5 30. Qd2 Rfd8 31. Qc1 Qxf3 32. Rh1 gxh6 33. Qxh6 Rd1+ 0-1

[Event "81st ch-ESP 2016"]
[White "Asis Gargatagli, Hipolito"]
[Black "Domingo Nunez, Alejandro"]
[Site "Linares ESP"]
[Result "1-0"]
[Date "2016.08.10"]
[WhiteElo "2487"]
[BlackElo "2344"]
[PlyCount "51"]

1. e4 e6 2. d4 d5 3. Nd2 a6 4. Ngf3 c5 5. Bd3 cxd4 6. Nxd4 Nc6 7. Nxc6 bxc6 8. 0-0 Nf6 9. Qe2 Be7 10. b3 0-0 11. Bb2 Qb6 12. Kh1 Nd7 13. c4 d4 14. e5 Rd8 15. f4 Nc5 16. Ba3 Ra7 17. Bxc5 Qxc5 18. Ne4 Qa3 19. Qh5 f5 20. exf6 Bxf6 21. Rf3 Qf8 22. Qxh7+ Kf7 23. Nxf6 Kxf6 24. Qh4+ Kf7 25. Qh5+ Kf6 26. Bg6 1-0

[Event "81st ch-ESP 2016"]
[White "Huerga Leache, Mikel"]
[Black "Suarez Uriel, Adrian"]
[Site "Linares ESP"]
[Result "1-0"]
[Date "2016.08.10"]
[WhiteElo "2455"]
[BlackElo "2311"]
[PlyCount "74"]

1. Nf3 Nf6 2. c4 g6 3. b4 Bg7 4. Bb2 0-0 5. e3 c6 6. Be2 d5 7. 0-0 Na6 8. a3 Nc7 9. Be5 dxc4 10. Bxc4 Ne4 11. d4 Nd5 12. Bxg7 Kxg7 13. Qb3 Be6 14. Nbd2 f5 15. Nxe4 fxe4 16. Ne5 b5 17. Bxd5 Bxd5 18. Qb2 Qd6 19. Rac1 Rf6 20. f3 exf3 21. gxf3 Raf8 22. e4 Be6 23. Rxc6 Qd8 24. Rd1 Kg8 25. Qf2 a5 26. d5 axb4 27. axb4 Qb8 28. Rxe6 Rxe6 29. Nd7 Qd6 30. Nxf8 Kxf8 31. Qc5 Rf6 32. Qxd6 Rxd6 33. Rc1 Kf7 34. Rc5 Rb6 35. Kf2 g5 36. Kg3 h6 37. Rc6 Ke8 1-0

[Event "81st ch-ESP 2016"]
[White "Jimenez Martinez, Jose Vicente"]
[Black "Suarez Gomez, Julio"]
[Site "Linares ESP"]
[Result "0-1"]
[Date "2016.08.10"]
[WhiteElo "2329"]
[BlackElo "2429"]
[PlyCount "60"]

1. d4 e6 2. c4 Nf6 3. Nc3 Bb4 4. Qc2 d5 5. cxd5 exd5 6. Bg5 h6 7. Bh4 Nc6 8. e3 g5 9. Bg3 h5 10. Bb5 Ne4 11. 0-0-0 Bxc3 12. bxc3 Qe7 13. Kb2 Bd7 14. f3 Nxg3 15. hxg3 Rh6 16. e4 Na5 17. Bxd7+ Qxd7 18. exd5 Nc4+ 19. Ka1 0-0-0 20. Re1 Qxd5 21. g4 h4 22. Nh3 Rb6 23. Qf5+ Qxf5 24. gxf5 Rd5 25. Rb1 Rxf5 26. Rxb6 axb6 27. Re1 Rb5 28. a4 Rb2 29. Nxg5 Rxg2 30. f4 f6 0-1

[Event "81st ch-ESP 2016"]
[White "Henderson de La Fuente, Lance"]
[Black "Cruz Lledo, Pablo"]
[Site "Linares ESP"]
[Result "1/2-1/2"]
[Date "2016.08.10"]
[WhiteElo "2306"]
[BlackElo "2414"]
[PlyCount "103"]

1. e4 c6 2. Nc3 d5 3. Nf3 Bg4 4. d4 dxe4 5. Nxe4 Nf6 6. Nxf6+ gxf6 7. Be2 e6 8. Bf4 Bd6 9. Qd2 Bxf4 10. Qxf4 Bxf3 11. Bxf3 Qa5+ 12. c3 Nd7 13. 0-0 0-0 14. a4 Rac8 15. b4 Qg5 16. Qxg5+ fxg5 17. b5 Nf6 18. bxc6 bxc6 19. Rab1 Rc7 20. a5 g4 21. Be2 Ne4 22. Rfc1 f5 23. Bd3 Nd6 24. Re1 Kf7 25. Re5 Kf6 26. a6 Rff7 27. Kf1 Rfe7 28. Rb8 Nc8 29. Rb1 Nb6 30. Rbe1 Nd5 31. Bc4 Rc8 32. Bd3 Rce8 33. c4 Nb4 34. Bb1 h5 35. g3 Rd8 36. Bxf5 Rxd4 37. Bb1 Rxc4 38. Rxh5 Nc2 39. Bxc2 Rxc2 40. Rh4 c5 41. Rxg4 c4 42. Ree4 Rc7 43. h4 e5 44. Kg2 Ke6 45. Rg5 Rc5 46. h5 Rd2 47. h6 Rd7 48. Rh4 Rcc7 49. Re4 c3 50. Rexe5+ Kd6 51. Re1 Rh7 52. Rh5 1/2-1/2

[Event "81st ch-ESP 2016"]
[White "Teran Alvarez, Ismael"]
[Black "Carrasco Martinez, Juan M."]
[Site "Linares ESP"]
[Result "0-1"]
[Date "2016.08.10"]
[WhiteElo "2413"]
[BlackElo "2342"]
[PlyCount "82"]

1. e4 d6 2. d4 Nf6 3. Nc3 g6 4. h3 Bg7 5. g4 h5 6. g5 Nfd7 7. Be3 c5 8. Nf3 b6 9. Bc4 Bb7 10. Qe2 Nc6 11. 0-0-0 0-0 12. Kb1 a6 13. Bd5 Qc8 14. Qd2 Ra7 15. Ne2 e6 16. Bxc6 Bxc6 17. d5 exd5 18. exd5 Ba8 19. Bf4 Ne5 20. Bxe5 dxe5 21. Nc3 e4 22. Nh4 Re8 23. Qf4 Rae7 24. Ng2 c4 25. h4 Qc5 26. Qe3 Qd6 27. a3 b5 28. Nf4 b4 29. axb4 Qxb4 30. Kc1 Rb7 31. Kd2 Qxb2 32. Rb1 Qa3 33. Rxb7 Bxb7 34. Rb1 Bc8 35. Rb8 Qa5 36. Nfe2 Qc7 37. Qb6 Qe5 38. Qc6 e3+ 39. fxe3 Qe7 40. Qb6 Qe5 41. Nb1 Bf8 0-1

[Event "81st ch-ESP 2016"]
[White "Garriga Cazorla, Pere"]
[Black "Sanchez Aller, Fernando"]
[Site "Linares ESP"]
[Result "1-0"]
[Date "2016.08.10"]
[WhiteElo "2392"]
[BlackElo "2281"]
[PlyCount "69"]

1. d4 Nf6 2. c4 g6 3. f3 Bg7 4. e4 d6 5. Nc3 0-0 6. Be3 Nbd7 7. Qd2 c5 8. Nge2 a6 9. a4 Qa5 10. Ra3 Re8 11. d5 Ne5 12. Nc1 e6 13. Be2 exd5 14. cxd5 c4 15. 0-0 Qc7 16. a5 Ned7 17. Na4 Rb8 18. Nb6 Ne5 19. Rc3 Qd8 20. Nxc4 Nxc4 21. Rxc4 Nd7 22. Nd3 Bf8 23. Rfc1 b6 24. Nb4 Ne5 25. Nc6 Nxc4 26. Rxc4 Qc7 27. Nxb8 Qxb8 28. axb6 Be7 29. Qc3 Bb7 30. Kf1 Bf8 31. Rc7 Bg7 32. Bd4 Bh6 33. Qa3 Bf4 34. g3 Be5 35. Bxe5 1-0

[Event "81st ch-ESP 2016"]
[White "Bernabeu Lopez, Carlos Javier"]
[Black "Garza Marco, Sergio"]
[Site "Linares ESP"]
[Result "0-1"]
[Date "2016.08.10"]
[WhiteElo "2267"]
[BlackElo "2391"]
[PlyCount "126"]

1. e4 c5 2. Nf3 g6 3. c4 Bg7 4. d4 cxd4 5. Nxd4 Nc6 6. Be3 Nf6 7. Nc3 d6 8. Be2 0-0 9. 0-0 Bd7 10. Qd2 Nxd4 11. Bxd4 Bc6 12. f3 Nd7 13. Be3 a5 14. Rac1 Nc5 15. b3 Be5 16. Nd5 e6 17. Nf4 Qh4 18. g3 Qe7 19. Nd3 Bg7 20. Bh6 Bd4+ 21. Be3 Bg7 22. Bh6 Bxh6 23. Qxh6 e5 24. Rce1 f6 25. Nxc5 dxc5 26. a4 Rad8 27. Rd1 Rd4 28. Rxd4 cxd4 29. Qd2 Qa3 30. Qc2 Qc5 31. Bd3 Rf7 32. Rf2 Kf8 33. Qd2 Ke7 34. Re2 Kd7 35. Kf1 b6 36. Kg2 Kc7 37. h4 Bd7 38. Qe1 Re7 39. Rb2 Re8 40. Qd2 Re7 41. Qe1 Rf7 42. Re2 Kd6 43. Rc2 Bc6 44. Qd2 Kc7 45. Qe1 f5 46. Qd2 fxe4 47. fxe4 Kd7 48. Qg5 Qe7 49. Qg4+ Kc7 50. Qe2 Qb4 51. c5 bxc5 52. Bc4 Rd7 53. Qd3 Kb6 54. Rf2 Rd6 55. Rf7 Qe1 56. Bd5 Rxd5 57. Rf6 Kc7 58. Qa6 Qxe4+ 59. Kh2 Rd6 60. Qa7+ Bb7 61. Qxc5+ Qc6 62. Qxa5+ Kd7 63. Rf7+ Ke6 0-1

[Event "81st ch-ESP 2016"]
[White "Tejedor Fuente, Enrique"]
[Black "Lianes Garcia, Marcos"]
[Site "Linares ESP"]
[Result "0-1"]
[Date "2016.08.10"]
[WhiteElo "2377"]
[BlackElo "2236"]
[PlyCount "124"]

1. e4 c5 2. Nc3 d6 3. g3 Nc6 4. Bg2 g6 5. d3 Bg7 6. Be3 e5 7. Qd2 Nd4 8. Nd5 Be6 9. Ne2 Bxd5 10. exd5 Nf5 11. 0-0 Nxe3 12. Qxe3 Ne7 13. c3 0-0 14. Kh1 Qd7 15. Rfe1 Rae8 16. a4 h5 17. Qe4 f5 18. Qc4 g5 19. Qb5 Qc8 20. d4 cxd4 21. cxd4 exd4 22. Rac1 Qd8 23. Red1 Ng6 24. Nxd4 Bxd4 25. Rxd4 Qf6 26. Rdc4 Re7 27. Rc7 b6 28. Rxe7 Qxe7 29. Bf1 Ne5 30. Qe2 g4 31. Qe3 Kg7 32. Rc4 Qf7 33. Rd4 Ng6 34. Qc3 Qf6 35. Kg1 Re8 36. Qd2 Re7 37. Kg2 h4 38. h3 gxh3+ 39. Kh2 Ne5 40. Be2 hxg3+ 41. fxg3 Ng6 42. Bh5 Re4 43. Rxe4 fxe4 44. Kxh3 Qf1+ 45. Kh2 Qf5 46. Bd1 Ne5 47. Kg2 Kg6 48. Qb4 Nf7 49. Qd2 Ng5 50. Qe3 Qxd5 51. Bg4 Qe5 52. Qb3 d5 53. Qb5 Nf7 54. Qc6+ Nd6 55. Qc7 Qxb2+ 56. Kh3 Qe5 57. Qxa7 Qh8+ 58. Kg2 Nc4 59. Be6 Qf6 60. Qd7 Ne3+ 61. Kh2 Qb2+ 62. Kh3 Qh8+ 0-1

[Event "81st ch-ESP 2016"]
[White "Jimenez Bernal, Francisco"]
[Black "Cuenca Jimenez, Jose Fernando"]
[Site "Linares ESP"]
[Result "0-1"]
[Date "2016.08.10"]
[WhiteElo "2237"]
[BlackElo "2541"]
[PlyCount "72"]

1. Nf3 Nf6 2. c4 g6 3. Nc3 Bg7 4. e4 d6 5. d4 0-0 6. Be2 Bg4 7. Be3 Nfd7 8. Ng1 Bxe2 9. Ngxe2 c5 10. 0-0 cxd4 11. Nxd4 Nc6 12. Rc1 Re8 13. f3 Qb6 14. Nf5 Qxb2 15. Nxg7 Kxg7 16. Qe1 Rac8 17. f4 Qa3 18. Qh4 Kg8 19. Rf3 Nf6 20. Rh3 h5 21. Nd5 Ng4 22. Rf1 Qd3 23. f5 Qxe4 24. Rf4 Qb1+ 25. Rf1 Qb2 26. fxg6 fxg6 27. Nf4 Rf8 28. Qg5 Qf6 29. Qxg6+ Qxg6 30. Nxg6 Rxf1+ 31. Kxf1 e5 32. Rxh5 Nxe3+ 33. Ke2 Kg7 34. Nxe5 Nxe5 35. Kxe3 Rxc4 36. Kd2 Ra4 0-1

[Event "81st ch-ESP 2016"]
[White "Hernandez Estevez, Yudania"]
[Black "Alvarado Diaz, Alejandro"]
[Site "Linares ESP"]
[Result "0-1"]
[Date "2016.08.10"]
[WhiteElo "2232"]
[BlackElo "2441"]
[PlyCount "92"]

1. e4 d5 2. exd5 Qxd5 3. Nc3 Qa5 4. Bc4 Nf6 5. d4 Nc6 6. Be3 Bg4 7. f3 Be6 8. Bb5 0-0-0 9. Bxc6 bxc6 10. Qe2 Nd5 11. Qd2 Nxe3 12. Qxe3 Bc4 13. Nge2 e6 14. 0-0-0 h5 15. Kb1 h4 16. Nc1 Rh5 17. g4 Rh8 18. Ne4 Be7 19. b3 Ba6 20. c4 Qb6 21. c5 Qb4 22. Kb2 Rd5 23. a3 Qb7 24. Na2 Rhd8 25. Nb4 R5d7 26. f4 Bb5 27. Kc3 a5 28. Nc2 Ba6 29. Rb1 Qb5 30. Rhe1 Rd5 31. a4 Qb7 32. Red1 Qa7 33. Kb2 Kb8 34. Ka1 Ka8 35. Qe1 Bc8 36. g5 h3 37. Nc3 R5d7 38. Qe4 Qa6 39. Ne3 f6 40. g6 f5 41. Qxe6 Bf6 42. Ka2 Rxd4 43. Qf7 Rd2+ 44. Rb2 Rxb2+ 45. Kxb2 Qe2+ 46. Kc1 Qxe3+ 0-1

[Event "81st ch-ESP 2016"]
[White "Jimenez Almeida, Luis David"]
[Black "Ladron De Guevara Pinto, Paolo"]
[Site "Linares ESP"]
[Result "1-0"]
[Date "2016.08.10"]
[WhiteElo "2212"]
[BlackElo "2369"]
[PlyCount "79"]

1. d4 Nf6 2. Nf3 e6 3. g3 d5 4. c4 Bb4+ 5. Bd2 Be7 6. Bg2 Nbd7 7. 0-0 c6 8. Qc2 Ne4 9. Nc3 Nxd2 10. Nxd2 0-0 11. e4 e5 12. exd5 exd4 13. dxc6 bxc6 14. Nb5 Nc5 15. Bxc6 Rb8 16. b4 d3 17. Qd1 Ne6 18. Be4 Ng5 19. Bg2 Bb7 20. a3 Qd7 21. h4 Ne6 22. Bxb7 Rxb7 23. Qf3 Rd8 24. Rad1 Qc8 25. Nc3 Rd4 26. Rfe1 a5 27. bxa5 Rb2 28. Nd5 Bxa3 29. Re4 Bc5 30. Rxd4 Nxd4 31. Qxd3 Qg4 32. Re1 f5 33. Kg2 h6 34. Re8+ Kf7 35. Re3 g5 36. hxg5 hxg5 37. Nf3 Nxf3 38. Rxf3 f4 39. Qh7+ Ke6 40. Qg6+ 1-0